000 00364 a2200169 4500
001 74062
020 _a851002377-8
040 _cAnchieta - Colégio São Paulo
100 _aMocellin, Renato
240 1 0 _aColuna Prestes
_lpor
245 1 0 _aColuna Prestes
300 _a54
362 0 _a1989
440 1 _aEditora do Brasil
650 4 _aBrasil
942 _cBK
999 _c74062
_d74062